Trap pond mapping as atool to identify fish deficit areas in sray chrum and kompong ro district of svay rieng, ការធ្វើផែនទីនៃផលិតផលត្រីក្នុងប្រព័ន្ធបៀរដើម្បីកំណត់តំបន់ខ្សត់ត្រីក្នុងស្រុកស្វាយជ្រុំ និងស្រុកកំពង់រោទ៍ ខេត្តស្វាយរៀង (Record no. 3680)
[ view plain ]
| 000 -LEADER | |
|---|---|
| fixed length control field | 00842nam a22001577a 4500 |
| 003 - CONTROL NUMBER IDENTIFIER | |
| control field | OSt |
| 005 - DATE AND TIME OF LATEST TRANSACTION | |
| control field | 20151120144154.0 |
| 008 - FIXED-LENGTH DATA ELEMENTS--GENERAL INFORMATION | |
| fixed length control field | 151120b xxu||||| |||| 00| 0 eng d |
| 040 ## - CATALOGING SOURCE | |
| Transcribing agency | RUA |
| 082 ## - DEWEY DECIMAL CLASSIFICATION NUMBER | |
| Classification number | FIS ឡេង 1996 B161 Or.1 |
| 100 ## - MAIN ENTRY--PERSONAL NAME | |
| 9 (RLIN) | 3959 |
| Personal name | ឡេង ស៊ីវណ្ណ |
| 245 ## - TITLE STATEMENT | |
| Title | Trap pond mapping as atool to identify fish deficit areas in sray chrum and kompong ro district of svay rieng, ការធ្វើផែនទីនៃផលិតផលត្រីក្នុងប្រព័ន្ធបៀរដើម្បីកំណត់តំបន់ខ្សត់ត្រីក្នុងស្រុកស្វាយជ្រុំ និងស្រុកកំពង់រោទ៍ ខេត្តស្វាយរៀង |
| 260 ## - PUBLICATION, DISTRIBUTION, ETC. (IMPRINT) | |
| Place of publication, distribution, etc. | Phnom Penh |
| Name of publisher, distributor, etc. | RUA |
| Date of publication, distribution, etc. | 1996 |
| 300 ## - PHYSICAL DESCRIPTION | |
| Extent | 59p. |
| Other physical details | ill. |
| Dimensions | 29cm. |
| 942 ## - ADDED ENTRY ELEMENTS (KOHA) | |
| Source of classification or shelving scheme | |
| Koha item type | FIS |
| Price effective from | Date last seen | Permanent Location | Not for loan | Date acquired | Source of classification or shelving scheme | Koha item type | Barcode | Lost status | Damaged status | Shelving location | Withdrawn status | Current Location | Full call number |
|---|---|---|---|---|---|---|---|---|---|---|---|---|---|
| 2015-11-20 | 2015-11-20 | Library Block B | 2015-11-20 | FIS | RUA011547 | B161 | Library Block B | FIS ឡេង 1996 B161 Or.1 | |||||
| 2015-11-20 | 2015-11-20 | Library Block B | 2015-11-20 | FIS | RUA011823 | B161 | Library Block B | FIS ឡេង 1996 B161 Or.2 | |||||
| 2015-11-20 | 2015-11-20 | Library Block B | 2015-11-20 | FIS | RUA011578 | B161 | Library Block B | FIS ឡេង 1996 B161 Or.3 | |||||
| 2015-11-20 | 2015-11-20 | Library Block B | 2015-11-20 | FIS | RUA011535 | B161 | Library Block B | FIS ឡេង 1996 B161 Or.4 | |||||
| 2015-11-20 | 2015-11-20 | Library Block B | 2015-11-20 | FIS | RUA011287 | B161 | Library Block B | FIS ឡេង 1996 B161 Or.5 | |||||
| 2015-11-20 | 2015-11-20 | Library Block B | 2015-11-20 | FIS | RUA011864 | B161 | Library Block B | FIS ឡេង 1996 B161 Or.6 | |||||
| 2015-11-20 | 2015-11-20 | Library Block B | 2015-11-20 | FIS | RUA011144 | B161 | Library Block B | FIS ឡេង 1996 B161 Or.7 | |||||
| 2015-11-20 | 2015-11-20 | Library Block B | 2015-11-20 | FIS | RUA011574 | B161 | Library Block B | FIS ឡេង 1996 B161 Or.8 | |||||
| 2015-11-20 | 2015-11-20 | Library Block B | 2015-11-20 | FIS | RUA011285 | B161 | Library Block B | FIS ឡេង 1996 B161 Or.9 | |||||
| 2015-11-20 | 2015-11-20 | Library Block B | 2015-11-20 | FIS | RUA011286 | B161 | Library Block B | FIS ឡេង 1996 B161 Or.10 |